header

Developing senior Navy leaders (Record no. 36183)

MARC details
000 -LEADER
fixed length control field 01406nam a2200337 a 4500
082 04 - DEWEY DECIMAL CLASSIFICATION NUMBER
Classification number 359.3/310973
245 00 - TITLE STATEMENT
Title Developing senior Navy leaders
260 ## - PUBLICATION, DISTRIBUTION, ETC. (IMPRINT)
Place of publication Santa Monica, CA :
Name of publisher Rand National Defense Research Institute,
Year of publication 2008.
300 ## - PHYSICAL DESCRIPTION
Number of Pages xxiv, 151 p. :
Other physical details ill.
650 #0 - SUBJECT ADDED ENTRY--TOPICAL TERM
Topical Term Admirals
Topical Term Leadership.
700 1# - ADDED ENTRY--PERSONAL NAME
Personal name Hanser, Lawrence M.
856 40 - ELECTRONIC LOCATION AND ACCESS
Uniform Resource Identifier http://site.ebrary.com/lib/rucke/Doc?id=10246311

No items available.

© 2026 Rongo University
Contact us: librarian | system librarian | Rongo university